000 00769cam a22002653a 4500
001 15511
003 PGUSA
005 20140828083330.0
008 050331s2005||||xxu|||||s|||||000 1 eng d
040 _aPGUSA
_beng
042 _adc
050 4 _aPZ
050 4 _aPS
100 1 _aLeonard, Mary Finley,
_d1862-
245 1 0 _aMr. Pat's Little Girl :
_bA Story of the Arden Foresters
_h[electronic resource] /
_cMary Finley Leonard
260 _bProject Gutenberg,
_c2005
506 _aPublic domain in the USA.
516 _aElectronic text
653 _aGirls -- Juvenile fiction
653 _aKentucky -- Juvenile fiction
700 1 _aEmerson, Chase
830 0 _aProject Gutenberg
_v15511
856 4 0 _uhttp://www.gutenberg.org/ebooks/15511
942 _cEB
999 _c244766
_d244766